00488nmm a2200169Ia 4500008004100000020001800041041000800059100002200067245002500089264005100114300001800165490003500183650002600218856005000244942000700294999001700301251105s9999||||xx |||||||||||||||||und|| a9788497429719 aspa aMistral, Gabriela 0aAntología esencial a[Madrid, España] :bBiblioteca Nueva, c2010 a256 páginas aClásicos de Biblioteca Nueva aLatin American poetry uhttps://public.digitaliapublishing.com/a/6215 cCF c90477d90477